00343nam a2200133Ia 45000010005000000080041000050200022000460820017000681000015000852450034001002600033001349010027001679990015001943327241024s9999 xx 000 0 und d a978-9945-8740-5-1 aRD/972/B742j aJuan Bosch 0aJudas Iscariote el calumniado bFundación Juan Boschc2012 a8/10/2013 9:10:57 p.m. c7537d7537